|
|
|
|
| LEADER |
00000naa2a2200000 4500 |
| 001 |
505706 |
| 005 |
20231101103050.0 |
| 035 |
|
|
|a (RuTPU)RU\TPU\prd\176534
|
| 035 |
|
|
|a RU\TPU\tpu\7576
|
| 090 |
|
|
|a 505706
|
| 100 |
|
|
|a 20130422a1975 k y0rusy50 ca
|
| 101 |
0 |
|
|a rus
|
| 102 |
|
|
|a RU
|
| 200 |
1 |
|
|a Расчет смещений в соединениях с натягом при нагружении их крутящим моментом
|f В. И. Максак, Б. Ф. Советченко
|
| 461 |
|
0 |
|0 (RuTPU)RU\TPU\prd\823
|x 0025-4576
|t Машиноведение
|o научно-технический журнал
|f Академия наук СССР (АН СССР)
|d 1965-1989
|
| 463 |
|
0 |
|0 (RuTPU)RU\TPU\prd\176533
|t № 5
|v С. 63-68
|d 1975
|
| 610 |
1 |
|
|a сварка
|
| 610 |
1 |
|
|a труды учёных ТПУ
|
| 700 |
|
1 |
|a Максак
|b В. И.
|c российский ученый, физик
|c профессор кафедры сопротивления материалов Томского политехнического университета
|f 1936-
|g Владислав Иванович
|2 stltpush
|3 (RuTPU)RU\TPU\pers\19836
|
| 701 |
|
1 |
|a Советченко
|b Б. Ф.
|c специалист в области машиностроения
|c доцент Томского политехнического университета, кандидат технических наук
|f 1946-
|g Борис Федорович
|2 stltpush
|3 (RuTPU)RU\TPU\pers\26630
|
| 801 |
|
0 |
|a RU
|b 63413507
|c 20020118
|g PSBO
|
| 801 |
|
2 |
|a RU
|b 63413507
|c 20130422
|g PSBO
|
| 942 |
|
|
|c BK
|